000 01387cam a22003374a 4500
001 11812156
005 20170105102918.0
008 991018s2000 nyu 001 0 eng
010 _a 99054394
020 _a0671041908
040 _aDLC
_cDLC
_dDLC
042 _apcc
050 0 0 _aQC981.8.C5
_bB452 2000
082 0 0 _a551.6
_221
100 1 _aBell, Art.
245 1 4 _aThe coming global superstorm /
_cArt Bell and Whitley Strieber.
260 _aNew York :
_bPocket Books,
_cc2000.
300 _ax, 255 p. ;
_c25 cm.
500 _aIncludes index.
650 0 _aClimatic changes.
650 0 _aSevere storms.
650 0 _aGlacial epoch.
700 1 _aStrieber, Whitley.
856 4 2 _3Contributor biographical information
_uhttp://www.loc.gov/catdir/bios/simon054/99054394.html
856 4 2 _3Publisher description
_uhttp://www.loc.gov/catdir/description/simon041/99054394.html
856 4 1 _3Sample text
_uhttp://www.loc.gov/catdir/enhancements/fy0705/99054394-s.html
856 4 1 _3Table of contents only
_uhttp://www.loc.gov/catdir/enhancements/fy0705/99054394-t.html
906 _a7
_bcbc
_corignew
_d1
_eocip
_f19
_gy-gencatlg
942 _2ddc
_cBK
999 _c15445
_d15445